| 000 | 01207cam a2200361 a 4500 | ||
|---|---|---|---|
| 001 | 12350881 | ||
| 003 | OSt | ||
| 005 | 20140310182900.0 | ||
| 008 | 000923s2000 ph a b 001 0 eng | ||
| 010 | _a 99504413 | ||
| 020 | _a9715553311 | ||
| 035 | _a(DLC) 99504413 | ||
| 037 |
_bLibrary of Congress -- Jakarta Overseas Office _cP200.00 |
||
| 040 |
_aDLC _cDLC _dDLC |
||
| 042 | _alcode | ||
| 043 | _aa-ph--- | ||
| 050 | 0 | 0 |
_aJZ 5538 _b.B47 2002 |
| 245 | 0 | 0 |
_aBuilding peace : _bessays on psychology and the culture of peace / _cedited by Allan B.I. Bernardo and Carmela D. Ortigas. |
| 246 | 3 | 0 | _aEssays on psychology and the culture of peace |
| 260 |
_aManila, Philippines : _bDe La Salle University Press, _c2002. |
||
| 300 |
_a148 p. : _bill. ; _c23 cm. |
||
| 504 | _aIncludes bibliographical references and index. | ||
| 521 | _aPSYCH | ||
| 650 | 0 |
_aConflict management _zPhilippines. |
|
| 650 | 0 |
_aViolence _zPhilippines. |
|
| 650 | 0 |
_aPeace-building _zPhilippines. |
|
| 700 | 1 | _aBernardo, Allan B. I. | |
| 700 | 1 | _aOrtigas, Carmela D. | |
| 906 |
_a7 _bcbc _corigode _d3 _encip _f19 _gy-gencatlg |
||
| 942 |
_2lcc _cBK _kLOC |
||
| 999 |
_c17083 _d17083 |
||